Notes on the French 75-mm. gun. (Record no. 92333)
[ view plain ]
| 000 -LEADER | |
|---|---|
| fixed length control field | 00872cam a22002411 4500 |
| 001 - CONTROL NUMBER | |
| control field | war18000015 |
| 003 - CONTROL NUMBER IDENTIFIER | |
| control field | DLC |
| 005 - DATE AND TIME OF LATEST TRANSACTION | |
| control field | 20260227112811.0 |
| 008 - FIXED-LENGTH DATA ELEMENTS--GENERAL INFORMATION | |
| fixed length control field | 850517r19171915dcua f000 0 eng c |
| 010 ## - LIBRARY OF CONGRESS CONTROL NUMBER | |
| LC control number | war18000015 |
| 035 ## - SYSTEM CONTROL NUMBER | |
| System control number | (OCoLC)12045195 |
| 040 ## - CATALOGING SOURCE | |
| Original cataloging agency | Library War College Div. General Staff |
| Transcribing agency | NhD |
| Modifying agency | DLC |
| 042 ## - AUTHENTICATION CODE | |
| Authentication code | premarc |
| 050 00 - LIBRARY OF CONGRESS CALL NUMBER | |
| Classification number | UF565 |
| Item number | .F8 75-mm.U5 |
| 130 5# - MAIN ENTRY--UNIFORM TITLE | |
| Uniform title | "The Engineer," London. |
| 245 10 - TITLE STATEMENT | |
| Title | Notes on the French 75-mm. gun. |
| Statement of responsibility, etc. | Edited at the Army war college, October, 1917 [reprinted from an article in "The Engineer" (London) January 22, 1915] |
| 260 ## - PUBLICATION, DISTRIBUTION, ETC. | |
| Place of publication, distribution, etc. | Washington, |
| Name of publisher, distributor, etc. | U.S. Govt. Print. Off., |
| Date of publication, distribution, etc. | 1917. |
| 300 ## - PHYSICAL DESCRIPTION | |
| Extent | 12 p. |
| Other physical details | illus. |
| Dimensions | 20 cm. |
| 500 ## - GENERAL NOTE | |
| General note | War dept. doc. no. 687. Office of the adjutant general. |
| 650 #0 - SUBJECT ADDED ENTRY--TOPICAL TERM | |
| Topical term or geographic name entry element | Ordnance. |
| 710 1# - ADDED ENTRY--CORPORATE NAME | |
| Corporate name or jurisdiction name as entry element | United States. |
| Subordinate unit | Department of the Interior. |
| 710 2# - ADDED ENTRY--CORPORATE NAME | |
| Corporate name or jurisdiction name as entry element | Army War College (U.S.) |
| Relator term | ed. |
No items available.